អន្តកម្មរវាងជីលាមកគោនិងជីគីមីលើលក្ខខ័ណ្ឌមិនប្រក្រតីនៃការលូតលាស់របស់ដំណាំស្រូវ (Record no. 232)
[ view plain ]
| 000 -LEADER | |
|---|---|
| fixed length control field | 00610nam a22001577a 4500 |
| 003 - CONTROL NUMBER IDENTIFIER | |
| control field | OSt |
| 005 - DATE AND TIME OF LATEST TRANSACTION | |
| control field | 20150910145201.0 |
| 008 - FIXED-LENGTH DATA ELEMENTS--GENERAL INFORMATION | |
| fixed length control field | 150910b xxu||||| |||| 00| 0 eng d |
| 040 ## - CATALOGING SOURCE | |
| Transcribing agency | RUA |
| 082 ## - DEWEY DECIMAL CLASSIFICATION NUMBER | |
| Classification number | AGR ឡាង 1995 B013 Or.1 |
| 100 ## - MAIN ENTRY--PERSONAL NAME | |
| 9 (RLIN) | 248 |
| Personal name | ឡាង មណ្ឌល |
| 245 ## - TITLE STATEMENT | |
| Title | អន្តកម្មរវាងជីលាមកគោនិងជីគីមីលើលក្ខខ័ណ្ឌមិនប្រក្រតីនៃការលូតលាស់របស់ដំណាំស្រូវ |
| 260 ## - PUBLICATION, DISTRIBUTION, ETC. (IMPRINT) | |
| Place of publication, distribution, etc. | Phnom Penh |
| Name of publisher, distributor, etc. | RUA |
| Date of publication, distribution, etc. | 1995 |
| 300 ## - PHYSICAL DESCRIPTION | |
| Extent | 67p. |
| Other physical details | ill. |
| Dimensions | 29cm. |
| 942 ## - ADDED ENTRY ELEMENTS (KOHA) | |
| Source of classification or shelving scheme | |
| Koha item type | AGR |
| Price effective from | Date last seen | Permanent Location | Not for loan | Date acquired | Source of classification or shelving scheme | Koha item type | Lost status | Withdrawn status | Date last checked out | Total Checkouts | Shelving location | Damaged status | Barcode | Current Location | Full call number |
|---|---|---|---|---|---|---|---|---|---|---|---|---|---|---|---|
| 2015-09-10 | 2018-10-03 | Library Block B | 2015-09-10 | AGR | 2018-09-18 | 2 | B013 | RUA003051 | Library Block B | AGR ឡាង 1995 B013 Or.1 | |||||
| 2015-09-10 | 2021-12-20 | Library Block B | 2015-09-10 | AGR | 2021-12-15 | 2 | B013 | RUA003111 | Library Block B | AGR ឡាង 1995 B013 Or.2 | |||||
| 2015-09-10 | 2015-09-10 | Library Block B | 2015-09-10 | AGR | B013 | RUA003195 | Library Block B | AGR ឡាង 1995 B013 Or.3 | |||||||
| 2015-09-10 | 2015-09-10 | Library Block B | 2015-09-10 | AGR | B013 | RUA004217 | Library Block B | AGR ឡាង 1995 B013 Or.4 | |||||||
| 2015-09-10 | 2016-12-14 | Library Block B | 2015-09-10 | AGR | 2016-11-26 | 1 | B013 | RUA004455 | Library Block B | AGR ឡាង 1995 B013 Or.5 | |||||
| 2015-09-10 | 2018-08-13 | Library Block B | 2015-09-10 | AGR | 2018-07-21 | 1 | B013 | RUA003267 | Library Block B | AGR ឡាង 1995 B013 Or.6 | |||||
| 2015-10-28 | 2015-10-28 | Library Block B | 2015-10-28 | AGR | RUA012330 | Library Block B | AGR ឡាង 1995 B013 Or.7 | ||||||||
| 2016-01-26 | 2019-11-26 | Library Block B | 2016-01-26 | AGR | 2019-11-22 | 1 | RUA051692 | Library Block B | AGR ឡាង 1995 B013 Or.8 |